|
|
|
|
| LEADER |
00000nam a22000007a 4500 |
| 005 |
20180518221853.0 |
| 007 |
cr|||| |||| |
| 008 |
180518s2018 mx |||||s|||| 00||0 spa d |
| 020 |
|
|
|a 978-607-629-165-8
|
| 035 |
|
|
|a 21722
|
| 040 |
|
|
|a vLex
|
| 090 |
|
|
|c 7982
|d 7982
|
| 100 |
1 |
|
|a Přez Chv̀ez, Još
|
| 245 |
1 |
0 |
|a Capacitacin̤ fiscal para ejecutivos no fiscalistas 2018
|h [Recurso electrn̤ico] /
|c Jos ̌Přez Chv̀ez, Raymundo Fol Olgun̕
|
| 256 |
|
|
|a Servicio en ln̕ea
|
| 260 |
|
|
|a Ciudad de Mx̌ico:
|b Tax Editores,
|c 2018
|
| 300 |
|
|
|a 1 recurso electrn̤ico
|
| 500 |
|
|
|a El estudio de esta obra permitir ̀ al lector saber cul̀es son los principales impuestos federales que deben pagar las empresas en nuestro pas̕, as ̕como entender: 1. Sus aspectos bs̀icos. 2. La forma de calcularlos. 3. En qu ̌periodo pagarlos. 4. Cul̀es son las principales obligaciones fiscales que se deben cumplir al estar sujetos a dichos impuestos. Este libro est ̀dirigido a los ejecutivos no fiscalistas de las empresas, a estudiantes que se inician en el aprendizaje de la materia fiscal y, en general, a cualquier persona con un interš en el r̀ea fiscal.
|
| 506 |
1 |
|
|a Disponible solo en los productos indicados
|d vLex Global
|d vLex Global (Academic Edition, excluding Law Schools)
|d vLex Global (U.S. Academic Edition, Law Schools)
|d vLex Global (U.S. Academic Edition, excluding Law Schools)
|d vLex Global (Academic Edition, Law Schools)
|
| 650 |
0 |
4 |
|a Derecho Fiscal
|z Mx̌ico
|
| 700 |
1 |
|
|a Fol Olgun̕, Raymundo
|
| 740 |
0 |
|
|a vLex Libros (Servicio en ln̕ea)
|
| 856 |
4 |
0 |
|u http://vlex.com/source/capacitacion-fiscal-para-ejecutivos-no-fiscalistas-2018-21722
|z Acceso restringido
|
| 942 |
|
|
|c BOOK
|
| 999 |
0 |
|
|a Tax Law
|